Une ville, un département (Niveau facile) - Statistiques

Statistiques générales
  • Ce quiz a été pris 102 fois
  • Le résultat moyen est 55 sur 101
Statistiques - réponses
Hint Réponse % Correct
Paris Paris
96%
Strasbourg Bas Rhin
87%
Dunkerque Nord
87%
Bordeaux Gironde
84%
Bastia Haute Corse
80%
Nantes Loire Atlantique
79%
Villeurbanne Rhône
78%
Fort de France Martinique
76%
Aix en Provence Bouches du Rhone
72%
Pointe à Pitre Guadeloupe
72%
Le Havre Seine Maritime
72%
Orléans Loiret
71%
Belfort Territoire de Belfort
70%
Quimper Finistère
68%
Cayenne Guyane
68%
Calais Pas de Calais
68%
Laval Mayenne
67%
Colmar Haut Rhin
66%
Boulogne Billancourt Hauts de Seine
66%
Dijon Côte d'Or
64%
Niort Deux Sèvres
64%
Porto Vecchio Corse du Sud
63%
Clermont Ferrand Puy de Dôme
63%
Bayonne Pyrénées Atlantiques
63%
Chambéry Savoie
63%
Beziers Herault
62%
Grenoble Isère
62%
Le Mans Sarthe
62%
Amiens Somme
62%
Troyes Aube
61%
Saint Malo Ille et Vilaine
61%
Mamoudzou Mayotte
61%
Compiègne Oise
61%
Perpignan Pyrénées Orientales
61%
Creteil Val de Marne
59%
Chateauroux Indre
58%
Fréjus Var
58%
Versailles Yvelines
57%
Cannes Alpes Maritimes
55%
Foix Ariège
55%
Millau Aveyron
55%
Caen Calvados
55%
Aurillac Cantal
55%
Montbéliard Doubs
55%
Mont de Marsan Landes
55%
Soissons Aisne
54%
Brive la Gaillarde Corrèze
54%
Saint Lô Manche
54%
Poitiers Vienne
54%
Epinal Vosges
54%
Auxerre Yonne
54%
Evreux Eure
53%
Limoges Haute Vienne
53%
Cognac Charente
51%
Lorient Morbihan
51%
Alençon Orne
51%
Les Sables d'Olonne Vendée
51%
Vichy Allier
50%
Evry Courcouronnes Essonne
50%
Gap Hautes Alpes
50%
Saint Paul La Réunion
50%
Forbach Moselle
50%
Guingamps Côtes d'Armor
49%
Toulouse Haute Garonne
49%
Lourdes Hautes Pyrénées
49%
Dole Jura
49%
Agen Lot et Garonne
49%
Vesoul Haute Saône
47%
Verdun Meuse
47%
Castres Tarn
47%
Orange Vaucluse
47%
Oyonnax Ain
46%
Saintes Charente Maritime
46%
Thonon les Bains Haute Savoie
46%
Sarcelles Val d'Oise
46%
Bourges Cher
45%
Mende Lozère
45%
Nancy Meurthe et Moselle
45%
Montreuil Seine Saint Denis
45%
Montélimar Drôme
43%
Le Puy en Velay Haute Loire
43%
Nevers Nièvre
43%
Meaux Seine et Marne
43%
Sedan Ardennes
42%
Guéret Creuse
42%
Tours Indre et Loire
42%
Manosque Alpes de Haute Provence
41%
Chartres Eure et Loir
41%
Auch Gers
41%
Blois Loir et Cher
41%
Montauban Tarn et Garonne
41%
Roanne Loire
39%
Narbonne Aude
38%
Cahors Lot
38%
Reims Marne
38%
Alès Gard
37%
Chalon sur Saône Saône et Loire
37%
Saint Dizier Haute Marne
36%
Bergerac Dordogne
34%
Cholet Maine et Loire
29%
Annonay Ardèche
25%
Aucun quiz correspondant
Distribution des résultats
% des personnes avec chaque résultat
Percentile par nombre de réponses
Votre historique - résultats
Vous n’avez pas pris ce quiz